000 00246nam a2200121Ia 4500
003 SGT
082 _a658,TRI
245 _aPRINCIPLES OF MANAGEMENT
260 _bTMH
_aN.Delhi
_c2012
300 _a454p.
650 _aMANAGEMENT
942 _2ddc
_cFCM
_05
999 _c6274
_d6274